Online Catalogue and eLibrary

The man reason : (Record no. 717)

MARC details
000 -LEADER
fixed length control field 00468nam a2200193Ia 4500
005 - DATE AND TIME OF LATEST TRANSACTION
control field 20240628010543.0
008 - FIXED-LENGTH DATA ELEMENTS--GENERAL INFORMATION
fixed length control field 240331s9999 xx 000 0 und d
020 ## - INTERNATIONAL STANDARD BOOK NUMBER
ISBN 0415096812
082 ## - DDC Classification
Class No. 128.3
Item Number - Author Mark LLO
100 ## - MAIN ENTRY--PERSONAL NAME
Personal name Lloyd, G
245 #4 - TITLE STATEMENT
Title The man reason :
Remainder of title 'male' and 'female' inwestern philosophy
250 ## - EDITION STATEMENT
Edition statement 2 nd
260 ## - PUBLICATION, DISTRIBUTION, ETC.
Place of publication, distribution, etc. London
Name of publisher, distributor, etc. Routledge
Date of publication, distribution, etc. 1993
300 ## - PHYSICAL DESCRIPTION
Extent (e.g. Volumes, Pages etc.) 146 p .,
650 ## - SUBJECT ADDED ENTRY--TOPICAL TERM
Topical term or geographic name entry element Gender
650 ## - SUBJECT ADDED ENTRY--TOPICAL TERM
Topical term or geographic name entry element Feminesum
650 ## - SUBJECT ADDED ENTRY--TOPICAL TERM
Topical term or geographic name entry element philosophy
942 ## - Koha item type (Biblio)
Koha item type Books in Stacks (Lending)
Holdings
Lost status Damaged status Collection code Home library Current library Shelving location Date acquired Full call number Accession Number Item type
    Lending WERC Library WERC Library Social Science Cupboard 03/31/2024 128.3 LLO 3729 Books in Stacks (Lending)

© WERC Library